000 00831nam0a22002651 4500
001 rc\4851024
005 20250612194717.0
021 _aRU
_b[63-93184]
035 _a(NLR Aleph) 008814400
090 _a8182150
_c8182150
100 _a20130426d1963 |||y0rusy50 ca
101 0 _arus
102 _aRU
105 _ac z |||||
200 1 _aЛирика
_f[Сост. и предисл. К.В. Пигарева]
210 _aМосква
_cИзд-во худож. лит.
_d1963
215 _a190 с.
_cпортр.
_d17
225 1 _a[Сокровища лирической поэзии]
700 1 _aТютчев
_bФ.И.
_f1803-1873
_gФедор Иванович
702 1 _aПигарев
_bК.В.
_4220
_4080
801 0 _aRU
_bNLR
_gpsbo
801 1 _aRU
_bELAR
_2rusmarc
852 _aNLR
_j63-2/3814
942 _cBOOK
980 _aNB